Biblioteca

Atlas Millenium / Traducido por Grijalbo Mondadori (Registro nro. 31947)

Detalles MARC
000 -LÍDER
Campo fijo de descripción fija 008250000a22001690004500
020 ## - NÚMERO INTERNACIONAL NORMALIZADO PARA LIBROS
Número Internacional Normalizado del libro 958-706-002-4
041 0# - CÓDIGO DE IDIOMA
Código de idioma para texto/pista de sonido o título separado
082 04 - NÚMERO DE CLASIFICACIÓN DECIMAL DEWEY
Número de clasificación R 912 H25481m
001 - NÚMERO DE CONTROL
Campo de control 417
245 10 - TÍTULO
Título del Material Atlas Millenium / Traducido por Grijalbo Mondadori
260 ## - PUBLICACIÓN, DISTRIBUCIÓN, ETC. (PIE DE IMPRENTA)
Lugar de publicación, distribución, etc. Londres : Dorling Kindersley Limited
300 ## - DESCRIPCIÓN FÍSICA
Extensión 360 p.
500 ## - NOTA GENERAL
Nota General Título original: DK World Atlas: Millenium edition
650 14 - ASIENTO SECUNDARIO DE MATERIA - TERMINO TEMÁTICO
Término temático o nombre geográfico como elemento de entrada ATLAS \ GEOGRAFIA
942 ## - TIPO DE MATERIAL (KOHA)
Tipo de Item KOHA Libros General
Existencias
Estado de Material Estado de Perdido Forma de Clasificación Estado de Dañado No para Préstamo Colección Tomo Biblioteca de Origen Biblioteca Permanente Fecha de Adquisición Total de Préstamos Signatura Topográfica Código de Barras Última vez visto Ejemplar/Existencia Fecha de Remplazo Tipo de Material
    Dewey Decimal Classification ENCUADERNACIÓN No para préstamo Colección de Referencia   Biblioteca FUSBC Biblioteca FUSBC 15/09/2004   R 912 H25481m 12336 12/12/2019 1 26/01/2016 Libros de Referencia

Biblioteca FUSBC | Teléfono: (57+4) 349 88 10 Ext. 141| WhatsApp (+57) 3005338115 
E-mail: biblioteca@unisbc.edu.co | Calle 76 87-14 Robledo Palenque, Medellín, Colombia

Con tecnología Koha